Bending strenght of stressed skin components with screws and adhesive

Bibliographic Details
Main Authors: Kurt, Ramazan (Author), Hussein, Rafaat M. (Author)
Format: Article
Language:Slovak
English
PhysicalDescription:Obr., tab.
ISSN:1336-4561
Subjects:

MARC

LEADER 00000nab a2200000 a 4500
001 vtls008998136
003 SK-MaSNL
005 20260304145608.0
008 250505c2006 xo |||||||||||000 b|slo
015 |a SNBRB2007/06  |2 snkbucl 
035 |a (sysno)vtls008998136 
035 |a urn:nbn:sk:snk-ab6htx 
035 |a (uuid)7512abb0-625c-4c1f-b14d-28b2eece914f 
035 |a (urnnbn)urn:nbn:sk:snk:ar-0023u9 
038 |a SNKBUCL 
040 |a SNKBUCL  |b slo  |c SNKBUCL  |e AACR2 
041 0 |a eng  |b eng 
044 |a xo  |c SK 
080 |a 674.812.017  |2 1997 
080 |a 674.02.017  |2 1997 
100 1 |a Kurt, Ramazan  |4 aut  |9 89512 
245 1 0 |a Bending strenght of stressed skin components with screws and adhesive  |c Ramazan Kurt, Rafaat M. Hussein 
300 |b Obr., tab. 
504 |a Bibliogr. odkazy 
546 |a Res. angl. 
650 0 7 |a drevo  |2 snkbucl  |9 3560 
650 0 7 |a lepenie dreva  |2 snkbucl  |9 13712 
650 0 7 |a lepidlá  |2 snkbucl  |9 3612 
650 0 7 |a skrutky  |2 snkbucl  |9 305927 
650 0 7 |a pevnosť v ohybe  |2 snkbucl  |9 848633 
700 1 |a Hussein, Rafaat M.  |4 aut  |9 1468650 
773 0 |t Wood research  |g Vol. 51, no. 4 (2006), s. 87-94  |x 1336-4561 
850 |a Slovenská národná knižnica 
852 |a Slovenská národná knižnica 
958 |a article27 
958 |a NB 
958 |a OND 
958 |a EUIPO 
999 |c 2936113  |d 2938043